[Event "POL-ch Rapid U18 Girls"]
[Site "Bydgoszcz"]
[Date "2023.08.30"]
[Round "10"]
[White "Bukala, Weronika"]
[Black "Barwinska, Ewa"]
[Result "0-1"]
[WhiteElo "1809"]
[BlackElo "1920"]
[PlyCount "80"]
[EventDate "2023.08.28"]
[EventType "swiss"]
[EventRounds "11"]
[EventCountry "POL"]
[SourceTitle "EXT 2024"]
[Source "ChessBase"]
[SourceDate "2023.10.10"]
[SourceVersion "1"]
[SourceVersionDate "2023.10.10"]
[SourceQuality "1"]

1. e4 c5 2. Ne2 e5 3. g3 Ne7 4. Bg2 d5 5. exd5 Nxd5 6. 0-0 Be7 7. b3 0-0 8. Bb2 Nc6 9. Re1 Be6 10. Nbc3 Nc7 11. d3 Qd7 12. Ne4 Rac8 13. Nd2 f6 14. Nf3 Rfd8 15. Nc3 b5 16. a3 a6 17. Ne4 Nd4 18. Ned2 Bg4 19. Qc1 Qf5 20. Nxd4 cxd4 21. f3 Bh5 22. g4 Bxg4 23. fxg4 Qxg4 24. Qd1 Qg6 25. Nf3 Nd5 26. Nh4 Qg5 27. Nf3 Qg4 28. Re4 Nf4 29. Qd2 Qxg2+ 30. Qxg2 Nxg2 31. Rc1 Nf4 32. Bxd4 Nxd3 33. Rd1 Nc5 34. Ree1 Ne6 35. c3 Kf7 36. Bf2 Rxd1 37. Rxd1 Rxc3 38. Nd2 Rd3 39. Be1 Nf4 40. Kf1 Bxa3 0-1

[Event "POL-ch Rapid U18 Girls"]
[Site "Bydgoszcz"]
[Date "2023.08.30"]
[Round "8"]
[White "Bukala, Weronika"]
[Black "Mroz, Lena"]
[Result "1-0"]
[WhiteElo "1809"]
[BlackElo "1538"]
[PlyCount "107"]
[EventDate "2023.08.28"]
[EventType "swiss"]
[EventRounds "11"]
[EventCountry "POL"]
[SourceTitle "EXT 2024"]
[Source "ChessBase"]
[SourceDate "2023.10.10"]
[SourceVersion "1"]
[SourceVersionDate "2023.10.10"]
[SourceQuality "1"]

1. e4 c5 2. Nf3 a6 3. c3 d5 4. exd5 Qxd5 5. d4 e6 6. Be3 cxd4 7. cxd4 Nf6 8. Nc3 Qd6 9. Bd3 Nc6 10. 0-0 Be7 11. Bg5 Nd5 12. Bxe7 Ncxe7 13. Ne5 Nf6 14. Ng4 Ned5 15. Re1 0-0 16. Qf3 h6 17. Re5 Nxg4 18. Qxg4 Nf6 19. Qh4 Rd8 20. Rd1 Qb4 21. Ne4 Qe7 22. Nxf6+ Qxf6 23. Qxf6 gxf6 24. Rh5 Kg7 25. Bc2 f5 26. Rd3 Rh8 27. d5 Kg6 28. Rh4 Bd7 29. h3 Bb5 30. Rg3+ Kf6 31. Bb3 Rad8 32. a4 Bd7 33. Rb4 Bc8 34. Rb6 Rhe8 35. Rf3 Ke5 36. Re3+ Kf6 37. d6 Rd7 38. a5 Red8 39. Rc3 Ke5 40. f4+ Kxf4 41. Ba4 Rxd6 42. Rxd6 Rxd6 43. Rxc8 Rd4 44. Be8 Rd1+ 45. Kh2 f6 46. Rc7 Rd5 47. b4 Rd4 48. Rxb7 e5 49. Bc6 e4 50. b5 e3 51. Bf3 axb5 52. a6 Ra4 53. a7 Ra2 54. Re7 1-0

[Event "POL-ch Rapid U18 Girls"]
[Site "Bydgoszcz"]
[Date "2023.08.29"]
[Round "1"]
[White "Bukala, Weronika"]
[Black "Pietrzak, Emilia"]
[Result "0-1"]
[WhiteElo "1809"]
[BlackElo "1414"]
[PlyCount "96"]
[EventDate "2023.08.28"]
[EventType "swiss"]
[EventRounds "11"]
[EventCountry "POL"]
[SourceTitle "EXT 2024"]
[Source "ChessBase"]
[SourceDate "2023.10.10"]
[SourceVersion "1"]
[SourceVersionDate "2023.10.10"]
[SourceQuality "1"]

1. e4 c5 2. Nf3 e6 3. d4 cxd4 4. Nxd4 Nc6 5. Nc3 Qc7 6. a3 a6 7. Be3 Nf6 8. f4 d6 9. Qf3 Be7 10. h3 Nd7 11. Qg3 Bf6 12. 0-0-0 b5 13. Qf2 b4 14. axb4 Nxb4 15. g4 Bb7 16. g5 Be7 17. f5 e5 18. Nb3 Rc8 19. Kb1 d5 20. exd5 0-0 21. f6 Bd6 22. fxg7 Rfe8 23. Bd3 Nxd3 24. Rxd3 e4 25. Rdd1 Bb4 26. Na2 Bd6 27. Nc3 Bb4 28. Bd4 e3 29. Qf5 Nb6 30. Bxb6 Qxb6 31. Ne4 Be7 32. Rhf1 Qg6 33. Qxg6 hxg6 34. Rfe1 Red8 35. Nc3 Bxg5 36. Na5 Ba8 37. Ne4 Bh6 38. Nc3 Kxg7 39. d6 Bf3 40. Rd3 Bh5 41. Na4 Bf4 42. d7 Rc7 43. Nb6 Bg5 44. Rd5 Kh6 45. Re5 e2 46. Re8 Rcxd7 47. Rxd8 Rxd8 48. Ka2 Rd1 0-1

[Event "Ustron op-B"]
[Site "Ustron"]
[Date "2023.08.18"]
[Round "8"]
[White "Bukala, Weronika"]
[Black "Nowak, Filip"]
[Result "1-0"]
[WhiteElo "2020"]
[BlackElo "1927"]
[PlyCount "71"]
[EventDate "2023.08.11"]
[EventType "swiss"]
[EventRounds "9"]
[EventCountry "POL"]
[SourceTitle "CBM 215 Extra"]
[Source "ChessBase"]
[SourceDate "2023.09.30"]
[SourceVersion "1"]
[SourceVersionDate "2023.09.30"]
[SourceQuality "1"]

1. e4 c6 2. d4 d5 3. e5 c5 4. dxc5 e6 5. Bd3 Nd7 6. Nf3 Nxc5 7. 0-0 Nxd3 8. Qxd3 Bd7 9. Be3 Ne7 10. Nd4 Ng6 11. f4 Bc5 12. Nd2 0-0 13. N2b3 Bb6 14. Rae1 f6 15. exf6 Qxf6 16. Kh1 Rae8 17. Bd2 Rc8 18. Bc3 Nxf4 19. Qd2 Qg5 20. Nf3 Qh5 21. Ne5 Ne2 22. Rf3 Nxc3 23. bxc3 Rxf3 24. gxf3 Be8 25. Nd4 Bf7 26. f4 Re8 27. Rg1 Qh3 28. Qe1 Bg6 29. Nxg6 Bxd4 30. Rg3 Qf5 31. Nh4 Qxf4 32. cxd4 Qxh4 33. Rxg7+ Kxg7 34. Qxh4 Rf8 35. Qe7+ Rf7 36. Qxe6 1-0

[Event "Warsaw Maciei Memorial"]
[Site "Warsaw"]
[Date "2023.07.10"]
[Round "5"]
[White "Bukala, Weronika"]
[Black "Kubicka, Anna"]
[Result "0-1"]
[WhiteElo "1885"]
[BlackElo "2240"]
[PlyCount "94"]
[EventDate "2023.07.10"]
[EventType "swiss (blitz)"]
[EventRounds "11"]
[EventCountry "POL"]
[SourceTitle "CBM 215 Extra"]
[Source "ChessBase"]
[SourceDate "2023.09.30"]
[SourceVersion "1"]
[SourceVersionDate "2023.09.30"]
[SourceQuality "1"]

1. e4 c6 2. d4 d5 3. e5 c5 4. dxc5 e6 5. Bd3 Bxc5 6. Qg4 g6 7. h4 h5 8. Qg3 Nh6 9. Bxg6 fxg6 10. Qxg6+ Nf7 11. Nf3 Qb6 12. 0-0 Nd7 13. Nc3 Nf8 14. Qg7 Rh7 15. Qg3 Bd7 16. Ng5 Rg7 17. Qf3 Nxg5 18. Bxg5 Be7 19. Qxh5+ Rf7 20. Rae1 Nh7 21. Bxe7 Kxe7 22. Re3 Rg8 23. Rf3 Rxf3 24. Qxf3 Qd4 25. Qh5 Rg7 26. Ne2 Qg4 27. Qxg4 Rxg4 28. g3 Bb5 29. Re1 Re4 30. Kf1 Rxe5 31. f4 Rxe2 32. Rxe2 Nf6 33. Ke1 Bxe2 34. Kxe2 Ne4 35. Kf3 Kf6 36. g4 b5 37. g5+ Kf5 38. h5 a5 39. g6 Nf6 40. g7 Ng8 41. Kg3 b4 42. c3 bxc3 43. bxc3 a4 44. Kf3 Nh6 45. Kg3 Kf6 46. Kh4 Nf5+ 47. Kh3 Nxg7 0-1

[Event "POL-ch U18 Girls"]
[Site "Jastrzebia Gora"]
[Date "2023.??.??"]
[Round "3"]
[White "Bukala, Weronika"]
[Black "Dallemura, Anna"]
[Result "1-0"]
[WhiteElo "1899"]
[BlackElo "1496"]
[PlyCount "65"]
[EventDate "2023.03.11"]
[EventType "swiss"]
[EventRounds "9"]
[EventCountry "POL"]
[SourceTitle "CBM 213 Extra"]
[Source "ChessBase"]
[SourceDate "2023.05.31"]
[SourceVersion "1"]
[SourceVersionDate "2023.05.31"]
[SourceQuality "1"]

1. e4 e5 2. Nf3 Nc6 3. Bb5 a6 4. Ba4 Nf6 5. d3 b5 6. Bb3 Be7 7. 0-0 d6 8. c3 0-0 9. Nbd2 h6 10. Re1 Re8 11. Nf1 Bf8 12. h3 Na5 13. Bc2 c5 14. Ng3 Nc6 15. d4 cxd4 16. cxd4 Qc7 17. Be3 Bd7 18. Rc1 Qb7 19. d5 Ne7 20. Nd2 Ng6 21. b4 a5 22. bxa5 Rxa5 23. Bb1 Be7 24. Nb3 Raa8 25. Qd2 Bd8 26. Rc3 Ne7 27. Bxh6 gxh6 28. Qxh6 Ng6 29. Nf5 Bxf5 30. exf5 Qxd5 31. fxg6 fxg6 32. Rg3 Kf7 33. Bxg6+ 1-0

[Event "EU-ch Rapid"]
[Site "Katowice"]
[Date "2022.12.17"]
[Round "1"]
[White "Bukala, Weronika"]
[Black "Ziska, Helgi Dam"]
[Result "0-1"]
[WhiteElo "1847"]
[BlackElo "2546"]
[PlyCount "76"]
[EventDate "2022.12.17"]
[EventType "swiss (rapid)"]
[EventRounds "11"]
[EventCountry "POL"]
[SourceTitle "CBM 211 Extra"]
[Source "ChessBase"]
[SourceDate "2023.01.31"]
[SourceVersion "1"]
[SourceVersionDate "2023.01.31"]
[SourceQuality "1"]

1. e4 c5 2. Nf3 d6 3. c3 Nf6 4. h3 g6 5. Bd3 Bg7 6. 0-0 0-0 7. Bc2 e5 8. d4 exd4 9. cxd4 Nc6 10. Nc3 cxd4 11. Nxd4 d5 12. Nxc6 bxc6 13. exd5 Nxd5 14. Nxd5 cxd5 15. Rb1 Bb7 16. Re1 Re8 17. Rxe8+ Qxe8 18. Bf4 d4 19. Qf1 Bd5 20. b3 a5 21. Bd3 a4 22. Re1 Qd8 23. Bb5 axb3 24. axb3 Qa5 25. Be5 Bxb3 26. Bxg7 Kxg7 27. Re4 Qc3 28. Qd3 Ra1+ 29. Kh2 Qxd3 30. Bxd3 Rd1 31. Bb5 Kf6 32. Kg3 Bc2 33. Re8 Rb1 34. Bc4 Rb4 35. Ba6 Rb6 36. Bc4 Rd6 37. Re2 d3 38. Rd2 Ke5 0-1

[Event "POL-ch sf (Women)"]
[Site "Karpacz"]
[Date "2022.12.04"]
[Round "3"]
[White "Starosta, Martyna"]
[Black "Bukala, Weronika"]
[Result "1-0"]
[WhiteElo "1991"]
[BlackElo "1847"]
[PlyCount "101"]
[EventDate "2022.12.03"]
[EventType "swiss"]
[EventRounds "9"]
[EventCountry "POL"]
[SourceTitle "EXT 2024"]
[Source "ChessBase"]
[SourceDate "2023.10.10"]
[SourceVersion "1"]
[SourceVersionDate "2023.10.10"]
[SourceQuality "1"]

1. e4 c5 2. Nf3 d6 3. c3 Nf6 4. Be2 Bd7 5. Qc2 Bc6 6. d3 Nbd7 7. 0-0 g6 8. h3 c4 9. Nd4 cxd3 10. Bxd3 Nc5 11. Nxc6 bxc6 12. e5 dxe5 13. Bc4 Bg7 14. Be3 Ncd7 15. Nd2 Nd5 16. Qe4 f5 17. Qf3 f4 18. Bxd5 cxd5 19. Qxd5 fxe3 20. fxe3 Bf6 21. Ne4 Rf8 22. Rad1 Bh4 23. Qxd7+ Qxd7 24. Rxf8+ Kxf8 25. Rxd7 Ke8 26. Rb7 Rd8 27. g3 Bf6 28. Rxa7 Kf7 29. Kf2 Ke6 30. Ke2 Kf5 31. Nxf6 exf6 32. a4 Rb8 33. b4 Rc8 34. b5 Rxc3 35. b6 Ke4 36. b7 Rxe3+ 37. Kd2 Rb3 38. a5 Kf3 39. a6 e4 40. Kc2 e3 41. Kxb3 e2 42. b8Q e1Q 43. Qf4+ Kg2 44. Rc7 Qb1+ 45. Kc4 g5 46. Qd2+ Kxh3 47. a7 Qe4+ 48. Kb5 Qb1+ 49. Ka6 Qa1+ 50. Kb7 Qh1+ 51. Kb8 1-0

[Event "POL-chT 1st League"]
[Site "Sypniewo"]
[Date "2022.09.04"]
[Round "2.6"]
[White "Bukala, Weronika"]
[Black "Osmak, Iulija"]
[Result "0-1"]
[WhiteElo "1877"]
[BlackElo "2418"]
[PlyCount "144"]
[EventDate "2022.09.03"]
[EventType "team-swiss"]
[EventRounds "9"]
[EventCountry "POL"]
[SourceTitle "CBM 210 Extra"]
[Source "ChessBase"]
[SourceDate "2022.11.30"]
[SourceVersion "1"]
[SourceVersionDate "2022.11.30"]
[SourceQuality "1"]
[WhiteTeam "Chylice Laura"]
[BlackTeam "Wroclaw Kopernik"]
[WhiteTeamCountry "POL"]
[BlackTeamCountry "POL"]

1. e4 e5 2. Nf3 Nc6 3. Bb5 a6 4. Ba4 Bc5 5. c3 Nge7 6. 0-0 Ng6 7. d4 Ba7 8. Be3 0-0 9. d5 Nce7 10. Bxa7 Rxa7 11. d6 Nc6 12. c4 Na5 13. Na3 b6 14. b4 Nb7 15. dxc7 Qxc7 16. Rc1 d6 17. Ne1 Ra8 18. Nd3 Be6 19. Nb1 Rac8 20. Bb3 Qd8 21. f4 exf4 22. Nxf4 Nxf4 23. Rxf4 a5 24. a3 Qg5 25. Qd2 Qe5 26. Nc3 Bxc4 27. Bxc4 Rxc4 28. Nd5 Rxc1+ 29. Qxc1 axb4 30. axb4 Qd4+ 31. Qe3 Qxe3+ 32. Nxe3 Rc8 33. Rf1 Kf8 34. Ra1 Re8 35. Ra7 Rxe4 36. Nf5 Re5 37. Ra8+ Re8 38. Ra6 b5 39. Rb6 Re5 40. Nd4 Re7 41. Rxb5 g6 42. Kf2 f5 43. Rb6 Kg7 44. Nc6 Rf7 45. Na5 Nxa5 46. bxa5 d5 47. Rd6 Rb7 48. Rxd5 Rb2+ 49. Kf3 Ra2 50. Rd7+ Kh6 51. Ra7 g5 52. h3 Kg6 53. Ra6+ Kg7 54. Ra7+ Kg6 55. a6 h6 56. g4 Ra3+ 57. Kg2 Ra4 58. Kf3 h5 59. gxh5+ Kxh5 60. Rh7+ Kg6 61. Ra7 Ra3+ 62. Kg2 Kf6 63. Rh7 Ke5 64. Rh6 Kf4 65. h4 Ra2+ 66. Kf1 Kf3 67. Ke1 g4 68. Rg6 g3 69. Kd1 g2 70. h5 Rxa6 71. Rxa6 g1Q+ 72. Kc2 Qh2+ 0-1

[Event "Ustron op-B"]
[Site "Ustron"]
[Date "2022.08.13"]
[Round "2"]
[White "Bukala, Weronika"]
[Black "Budzisz, Adrian"]
[Result "1/2-1/2"]
[WhiteElo "1906"]
[BlackElo "2144"]
[PlyCount "136"]
[EventDate "2022.08.12"]
[EventType "swiss"]
[EventRounds "9"]
[EventCountry "POL"]
[SourceTitle "CBM 209 Extra"]
[Source "ChessBase"]
[SourceDate "2022.09.30"]
[SourceVersion "1"]
[SourceVersionDate "2022.09.30"]
[SourceQuality "1"]

1. e4 b6 2. d4 e6 3. Bd3 Bb7 4. Nf3 d6 5. 0-0 Nd7 6. Qe2 c5 7. c3 Qc7 8. Bf4 Be7 9. e5 Bxf3 10. Qxf3 d5 11. c4 cxd4 12. cxd5 Qd8 13. dxe6 fxe6 14. Qh5+ Kf8 15. Bc4 g6 16. Qf3 Kg7 17. Bxe6 Nc5 18. Bd5 Rc8 19. b4 Na4 20. Bb3 Nc3 21. Bd2 Qf8 22. Qxf8+ Bxf8 23. Bxc3 dxc3 24. a3 c2 25. Nd2 Be7 26. Ne4 a5 27. bxa5 bxa5 28. Rfc1 Nh6 29. Rxc2 Rxc2 30. Bxc2 Ng4 31. f4 Rc8 32. Bd1 Ne3 33. Rb1 Nd5 34. Nd6 Bxd6 35. exd6 Kf6 36. d7 Rd8 37. Bg4 h5 38. Bf3 Rxd7 39. Rd1 Nb6 40. Rxd7 Nxd7 41. Kf2 Nb6 42. Ke2 Nc4 43. a4 Kf5 44. g3 h4 45. Bc6 hxg3 46. hxg3 g5 47. Bd7+ Kf6 48. Kf3 Nd2+ 49. Kg4 Ne4 50. fxg5+ Nxg5 51. Kf4 Nf7 52. Bg4 Ne5 53. Bd1 Nd3+ 54. Ke3 Nb2 55. Bb3 Kg5 56. Kf3 Nd3 57. Bd5 Nc5 58. Bc6 Nd3 59. Ke4 Nc5+ 60. Kf3 Nd3 61. Kg2 Nc5 62. Bb5 Kg4 63. Be2+ Kg5 64. Bd1 Nd3 65. Kf3 Nb2 66. Bb3 Nd3 67. Ke3 Nb2 68. Kf3 Nd3 1/2-1/2

[Event "Zagnansk op"]
[Site "Zagnansk"]
[Date "2022.05.01"]
[Round "2"]
[White "Kazmierowski, Tymon"]
[Black "Bukala, Weronika"]
[Result "1/2-1/2"]
[WhiteElo "2020"]
[BlackElo "1827"]
[PlyCount "35"]
[EventDate "2022.04.29"]
[EventType "swiss"]
[EventRounds "9"]
[EventCountry "POL"]
[SourceTitle "CBM 208 Extra"]
[Source "ChessBase"]
[SourceDate "2022.07.31"]
[SourceVersion "1"]
[SourceVersionDate "2022.07.31"]
[SourceQuality "1"]

1. e4 e6 2. d4 d5 3. Nd2 a6 4. Ngf3 c5 5. exd5 exd5 6. Be2 c4 7. 0-0 Bd6 8. Re1 Ne7 9. b3 b5 10. a4 c3 11. axb5 cxd2 12. Bxd2 0-0 13. c4 dxc4 14. bxc4 Bb7 15. c5 axb5 16. Rxa8 Bxa8 17. cxd6 Qxd6 18. Bxb5 1/2-1/2

[Event "Zagnansk op"]
[Site "Zagnansk"]
[Date "2022.05.01"]
[Round "2"]
[White "Kazmierowski, Tymon"]
[Black "Bukala, Weronika"]
[Result "1-0"]
[WhiteElo "2020"]
[BlackElo "1827"]
[PlyCount "107"]
[EventDate "2022.04.29"]
[EventType "swiss"]
[EventRounds "9"]
[EventCountry "POL"]
[SourceTitle "CBM 208 Extra"]
[Source "ChessBase"]
[SourceDate "2022.07.31"]
[SourceVersion "1"]
[SourceVersionDate "2022.07.31"]
[SourceQuality "1"]

1. Nf3 c5 2. g3 Nc6 3. c4 g6 4. Bg2 Bg7 5. Nc3 Nf6 6. 0-0 0-0 7. d4 cxd4 8. Nxd4 Nxd4 9. Qxd4 d6 10. Qd2 a5 11. Rd1 Nd7 12. Rb1 Ne5 13. c5 Bf5 14. Be4 Bxe4 15. Nxe4 dxc5 16. Qc2 Qc8 17. Bg5 b6 18. Bxe7 Re8 19. Nf6+ Bxf6 20. Bxf6 Qh3 21. f3 Qe6 22. Bxe5 Qxe5 23. e4 Rad8 24. Qc3 Qxc3 25. bxc3 Rxd1+ 26. Rxd1 b5 27. Kf2 Kf8 28. Ke3 Ke7 29. e5 b4 30. Rd5 Rc8 31. Kd3 c4+ 32. Kc2 Rd8 33. Rxa5 bxc3 34. f4 Rd2+ 35. Kxc3 Rxh2 36. Kxc4 Rg2 37. Ra3 h5 38. Kd4 Rh2 39. Ke4 Rh1 40. Ra7+ Ke6 41. Ra6+ Ke7 42. Kf3 Rf1+ 43. Ke2 Rb1 44. a4 Rb2+ 45. Kf3 Rb3+ 46. Kg2 Rb2+ 47. Kh3 Rb3 48. a5 Ra3 49. Ra7+ Kf8 50. a6 Ke8 51. Ra8+ Kd7 52. a7 Ke7 53. e6 h4 54. exf7 1-0

[Event "POL-ch U16 Girls"]
[Site "Sypniewo"]
[Date "2022.03.24"]
[Round "6"]
[White "Bukala, Weronika"]
[Black "Barwinska, Ewa"]
[Result "1/2-1/2"]
[WhiteElo "1801"]
[BlackElo "1848"]
[PlyCount "97"]
[EventDate "2022.03.19"]
[EventType "swiss"]
[EventRounds "9"]
[EventCountry "POL"]
[SourceTitle "CBM 207 Extra"]
[Source "ChessBase"]
[SourceDate "2022.05.31"]
[SourceVersion "1"]
[SourceVersionDate "2022.05.31"]
[SourceQuality "1"]

1. e4 c5 2. Nf3 Nc6 3. d4 cxd4 4. Nxd4 Qb6 5. Nb3 Nf6 6. Nc3 e6 7. a3 Be7 8. Be3 Qc7 9. f4 d6 10. Qf3 a6 11. g4 b5 12. g5 Nd7 13. h4 Rb8 14. h5 b4 15. axb4 Nxb4 16. 0-0-0 Nc5 17. Bxc5 dxc5 18. Bc4 0-0 19. Rdg1 a5 20. Nb5 Rxb5 21. Bxb5 c4 22. Nd2 c3 23. bxc3 Na2+ 24. Kb2 Qc5 25. c4 Nb4 26. Qc3 Rd8 27. Nb3 Qb6 28. g6 fxg6 29. hxg6 h6 30. Rd1 Rf8 31. Qg3 a4 32. c3 Nc6 33. Nd4 Nxd4 34. cxd4 Bd7 35. Rh5 Bf6 36. Qd3 Be8 37. f5 exf5 38. exf5 Bxb5 39. cxb5 Rc8 40. Ka2 Qb7 41. d5 Kh8 42. Re1 Qb6 43. Qe2 Rf8 44. Qd2 Kg8 45. Qe2 Qd4 46. Rd1 Qc3 47. Rb1 Qd4 48. Rc1 Kh8 49. Rd1 1/2-1/2

[Event "Krakow op-B 32nd"]
[Site "Krakow"]
[Date "2021.12.31"]
[Round "5"]
[White "Janus, Przemyslaw"]
[Black "Bukala, Weronika"]
[Result "1-0"]
[WhiteElo "2001"]
[BlackElo "1875"]
[PlyCount "63"]
[EventDate "2021.12.27"]
[EventType "swiss"]
[EventRounds "9"]
[EventCountry "POL"]
[SourceTitle "EXT 2023"]
[Source "ChessBase"]
[SourceDate "2022.10.05"]
[SourceVersion "1"]
[SourceVersionDate "2022.10.05"]
[SourceQuality "1"]

1. d4 Nf6 2. c4 e6 3. Nc3 Bb4 4. e3 0-0 5. Nge2 b6 6. a3 Bxc3+ 7. Nxc3 Bb7 8. d5 Qe7 9. Be2 a5 10. Bf3 exd5 11. Nxd5 Nxd5 12. cxd5 d6 13. 0-0 Nd7 14. b3 f5 15. Bb2 Ne5 16. Rc1 Qf7 17. Bxe5 dxe5 18. e4 Rad8 19. Qc2 Rd7 20. Rfd1 f4 21. Bg4 Re7 22. Be6 Rxe6 23. dxe6 Qxe6 24. Qxc7 Bxe4 25. Rd8 Rxd8 26. Qxd8+ Kf7 27. h4 Qg4 28. Rc7+ Kg6 29. Qd6+ Kh5 30. Qxe5+ Qf5 31. Qxg7 Kxh4 32. Qh6+ 1-0

[Event "Pardubice Czech op-B 32nd"]
[Site "Pardubice"]
[Date "2021.07.25"]
[Round "3"]
[White "Budzisz, Adrian"]
[Black "Bukala, Weronika"]
[Result "1-0"]
[WhiteElo "1972"]
[BlackElo "1673"]
[PlyCount "49"]
[EventDate "2021.07.24"]
[EventType "swiss"]
[EventRounds "9"]
[EventCountry "CZE"]
[SourceTitle "EXT 2022"]
[Source "ChessBase"]
[SourceDate "2021.10.06"]
[SourceVersion "1"]
[SourceVersionDate "2021.10.06"]
[SourceQuality "1"]

1. b3 d5 2. Bb2 Nc6 3. e3 e5 4. Bb5 Bd6 5. Nf3 Bg4 6. h3 Bh5 7. g4 Bg6 8. Nxe5 Bxe5 9. Bxe5 f6 10. Bxc6+ bxc6 11. Bg3 h5 12. Nc3 Ne7 13. d3 Qd7 14. Rg1 f5 15. gxf5 Nxf5 16. Bxc7 Qxc7 17. Rxg6 Qh2 18. Qf3 0-0 19. 0-0-0 d4 20. Ne4 dxe3 21. fxe3 h4 22. Nf6+ Rxf6 23. Rxf6 gxf6 24. Qxf5 Qg3 25. Qe6+ 1-0

[Event "Malopolska Region-chB"]
[Site "Krakow"]
[Date "2021.06.05"]
[Round "6"]
[White "Rudecki, Bartosz"]
[Black "Bukala, Weronika"]
[Result "1-0"]
[WhiteElo "1846"]
[BlackElo "1679"]
[PlyCount "47"]
[EventDate "2021.06.03"]
[EventType "swiss"]
[EventRounds "7"]
[EventCountry "POL"]
[SourceTitle "EXT 2023"]
[Source "ChessBase"]
[SourceDate "2022.10.05"]
[SourceVersion "1"]
[SourceVersionDate "2022.10.05"]
[SourceQuality "1"]

1. e4 c5 2. Nf3 d6 3. d4 cxd4 4. Qxd4 e5 5. Bb5+ Nd7 6. Qd3 h6 7. Nc3 Ngf6 8. g4 Nxg4 9. Rg1 Ngf6 10. Be3 a6 11. Bxd7+ Bxd7 12. 0-0-0 Rc8 13. Kb1 Be6 14. Nd2 d5 15. f4 exf4 16. Bxf4 Bb4 17. Nxd5 Nxd5 18. exd5 Bxd5 19. Ne4 Bxe4 20. Qxe4+ Qe7 21. Qg2 g5 22. c3 Qf6 23. Rge1+ Kf8 24. Be5 1-0

[Event "EU-ch Amateur Online 1400/1700"]
[Site "Tornelo INT"]
[Date "2021.04.17"]
[Round "6"]
[White "Ntouvelos, Ioannis"]
[Black "Bukala, Weronika"]
[Result "1-0"]
[WhiteElo "1547"]
[BlackElo "1679"]
[PlyCount "53"]
[EventDate "2021.04.17"]
[EventType "swiss (rapid)"]
[EventRounds "8"]
[EventCountry "NET"]
[SourceTitle "EXT 2023"]
[Source "ChessBase"]
[SourceDate "2022.10.05"]
[SourceVersion "1"]
[SourceVersionDate "2022.10.05"]
[SourceQuality "1"]

1. c4 c5 2. g3 g6 3. Bg2 Bg7 4. Nc3 Nc6 5. e4 e6 6. Nge2 a6 7. a3 Nge7 8. d3 f5 9. Be3 d6 10. d4 cxd4 11. Nxd4 Nxd4 12. Bxd4 e5 13. Be3 0-0 14. Qd2 Nc6 15. Rd1 f4 16. gxf4 Qh4 17. Nd5 exf4 18. Bxf4 Ne5 19. b3 Bg4 20. Bg3 Qh5 21. Nf4 Qg5 22. Qd5+ Kh8 23. Ne6 Bxe6 24. Qxe6 Rae8 25. Qd5 Nf3+ 26. Bxf3 Rxf3 27. Qxg5 1-0

[Event "POL-ch U20 Girls"]
[Site "Pokrzywna"]
[Date "2020.12.06"]
[Round "9"]
[White "Bukala, Weronika"]
[Black "Pietrzak, Emilia"]
[Result "1-0"]
[WhiteElo "1677"]
[BlackElo "1522"]
[PlyCount "59"]
[EventDate "2020.11.30"]
[EventType "swiss"]
[EventRounds "9"]
[EventCountry "POL"]
[SourceTitle "CBM 199 Extra"]
[Source "ChessBase"]
[SourceDate "2021.01.31"]
[SourceVersion "1"]
[SourceVersionDate "2021.01.31"]
[SourceQuality "1"]

1. e4 c5 2. Nf3 Nc6 3. d4 cxd4 4. Nxd4 Nf6 5. Nc3 e5 6. Ndb5 d6 7. Nd5 Nxd5 8. exd5 Ne7 9. c4 Ng6 10. Bd3 Be7 11. Bxg6 hxg6 12. Bd2 a6 13. Nc3 f5 14. Qb3 Bd7 15. Qxb7 Rb8 16. Qxa6 Rxb2 17. Nb5 Rh4 18. 0-0-0 Rxb5 19. cxb5 Rc4+ 20. Kb2 e4 21. b6 Bf6+ 22. Kb1 Rc5 23. a4 Ke7 24. Qa7 Rc8 25. Ba5 Rb8 26. Rc1 Ke8 27. Rc7 Bxa4 28. b7 Be5 29. Qxb8 Qxb8 30. Rc8+ 1-0

[Event "POL-ch U20 Girls"]
[Site "Pokrzywna"]
[Date "2020.12.05"]
[Round "8"]
[White "Mirowska, Oliwia"]
[Black "Bukala, Weronika"]
[Result "1-0"]
[WhiteElo "1820"]
[BlackElo "1677"]
[PlyCount "105"]
[EventDate "2020.11.30"]
[EventType "swiss"]
[EventRounds "9"]
[EventCountry "POL"]
[SourceTitle "CBM 199 Extra"]
[Source "ChessBase"]
[SourceDate "2021.01.31"]
[SourceVersion "1"]
[SourceVersionDate "2021.01.31"]
[SourceQuality "1"]

1. Nf3 Nf6 2. g3 g6 3. Bg2 Bg7 4. d3 d5 5. 0-0 0-0 6. Nbd2 Nc6 7. e4 d4 8. Re1 e5 9. Nf1 Qd6 10. h3 Be6 11. Bd2 a5 12. Nh4 Ra6 13. Qc1 Qc5 14. a3 Nd7 15. g4 Nb6 16. Ng3 Na4 17. b3 Nc3 18. Bh6 Ne7 19. Bxg7 Kxg7 20. Nhf5+ Bxf5 21. gxf5 Rc6 22. Qg5 Ng8 23. Kh2 Nf6 24. Bf3 Nb5 25. Rac1 Nxa3 26. Rg1 h6 27. Qh4 Kh7 28. Ne2 Nxc2 29. Rg2 Qb4 30. Rxc2 Rxc2 31. Qxf6 Qd6 32. Qh4 Rb2 33. Ng3 Rxb3 34. f6 g5 35. Qg4 Qxf6 36. Nh5 Qe6 37. Qg3 Rxd3 38. Rg1 a4 39. Qg2 a3 40. Bg4 Qb6 41. h4 Rg8 42. Qf1 Rb3 43. Qc4 Rf8 44. hxg5 hxg5 45. Bf5+ Kh6 46. Nf6 a2 47. Nd7 Qb4 48. Kg2 Rb1 49. Rh1+ Rxh1 50. Qxb4 Rh8 51. Qe7 Kg7 52. Qf6+ Kg8 53. Qxg5# 1-0

[Event "POL-ch U20 Girls"]
[Site "Pokrzywna"]
[Date "2020.11.30"]
[Round "1"]
[White "Bukala, Weronika"]
[Black "Cieslak, Wiktoria"]
[Result "0-1"]
[WhiteElo "1677"]
[BlackElo "2008"]
[PlyCount "54"]
[EventDate "2020.11.30"]
[EventType "swiss"]
[EventRounds "9"]
[EventCountry "POL"]
[SourceTitle "CBM 199 Extra"]
[Source "ChessBase"]
[SourceDate "2021.01.31"]
[SourceVersion "1"]
[SourceVersionDate "2021.01.31"]
[SourceQuality "1"]

1. e4 c5 2. Nf3 d6 3. d4 cxd4 4. Nxd4 Nf6 5. Nc3 a6 6. Be3 Ng4 7. Bc1 e5 8. Nb3 Be6 9. f3 Nf6 10. Be3 Nbd7 11. g4 b5 12. g5 Nh5 13. a4 bxa4 14. Rxa4 Be7 15. Nd5 Bxd5 16. Qxd5 0-0 17. Rxa6 Rxa6 18. Bxa6 Bxg5 19. Bxg5 Qxg5 20. Qxd6 Qg2 21. Rf1 Qxc2 22. Qxd7 Qxb3 23. Qd2 Nf4 24. Qc3 Qb6 25. Bc4 Rd8 26. Rf2 h5 27. Qb3 Qa5+ 0-1

[Event "Polanica Zdroj op-D 56th"]
[Site "Polanica Zdroj"]
[Date "2020.08.23"]
[Round "9"]
[White "Bukala, Weronika"]
[Black "Podgorski, Maciej"]
[Result "1/2-1/2"]
[WhiteElo "1504"]
[BlackElo "1810"]
[PlyCount "39"]
[EventDate "2020.08.15"]
[EventType "swiss"]
[EventRounds "9"]
[EventCountry "POL"]
[SourceTitle "CBM 198 Extra"]
[Source "ChessBase"]
[SourceDate "2020.11.30"]
[SourceVersion "1"]
[SourceVersionDate "2020.11.30"]
[SourceQuality "1"]

1. d4 Nf6 2. Nf3 g6 3. e3 Bg7 4. b3 0-0 5. Bb2 d6 6. Nbd2 b6 7. c4 Nbd7 8. Qc2 c5 9. d5 e6 10. dxe6 fxe6 11. 0-0-0 a5 12. Ne4 Nxe4 13. Bxg7 Kxg7 14. Qxe4 Ra7 15. Rxd6 Qf6 16. Rxe6 Qa1+ 17. Qb1 Qc3+ 18. Qc2 Qa1+ 19. Qb1 Qc3+ 20. Qc2 1/2-1/2